MARC details
| 000 -LEADER |
| fixed length control field |
02201cam a22004697a 4500 |
| 001 - CONTROL NUMBER |
| control field |
16901633 |
| 003 - CONTROL NUMBER IDENTIFIER |
| control field |
ARRUPE |
| 005 - DATE AND TIME OF LATEST TRANSACTION |
| control field |
20170926142510.0 |
| 008 - FIXED-LENGTH DATA ELEMENTS--GENERAL INFORMATION |
| fixed length control field |
110803s2011 enkahc b 001 0 eng d |
| 010 ## - LIBRARY OF CONGRESS CONTROL NUMBER |
| LC control number |
2011378506 |
| 015 ## - NATIONAL BIBLIOGRAPHY NUMBER |
| National bibliography number |
GBB0D3262 |
| Source |
bnb |
| 020 ## - INTERNATIONAL STANDARD BOOK NUMBER |
| International Standard Book Number |
9780199592166 (hbk.) |
| 020 ## - INTERNATIONAL STANDARD BOOK NUMBER |
| International Standard Book Number |
0199592160 (hbk.) |
| 035 ## - SYSTEM CONTROL NUMBER |
| System control number |
(OCoLC)ocn728541878 |
| 040 ## - CATALOGING SOURCE |
| Original cataloging agency |
NLE |
| Transcribing agency |
NLE |
| Modifying agency |
VP@ |
| -- |
YBM |
| -- |
XII |
| -- |
BTCTA |
| -- |
YDXCP |
| -- |
ERASA |
| -- |
DEBBG |
| -- |
BWX |
| -- |
DLC |
| 042 ## - AUTHENTICATION CODE |
| Authentication code |
lccopycat |
| 050 00 - LIBRARY OF CONGRESS CALL NUMBER |
| Classification number |
PR5907 |
| Item number |
.F67 2011 |
| 082 04 - DEWEY DECIMAL CLASSIFICATION NUMBER |
| Classification number |
821.8 |
| Edition number |
22 |
| 084 ## - OTHER CLASSIFICATION NUMBER |
| Classification number |
HL 4945 |
| Source of number |
rvk |
| 300 ## - PHYSICAL DESCRIPTION |
| Other physical details |
ill., facsims., ports. ; |
| Dimensions |
20 cm. |
| 100 1# - MAIN ENTRY--PERSONAL NAME |
| Personal name |
Foster, R. F. |
| Fuller form of name |
(Robert Fitzroy), |
| Dates associated with a name |
1949- |
| 9 (RLIN) |
36267 |
| 245 10 - TITLE STATEMENT |
| Title |
Words alone : |
| Remainder of title |
Yeats and his inheritance / |
| Statement of responsibility, etc |
R.F. Foster. |
| 246 30 - VARYING FORM OF TITLE |
| Title proper/short title |
Yeats and his inheritance |
| 260 ## - PUBLICATION, DISTRIBUTION, ETC. (IMPRINT) |
| Place of publication, distribution, etc |
Oxford : |
| Name of publisher, distributor, etc |
Oxford University Press, |
| Date of publication, distribution, etc |
2011. |
| 300 ## - PHYSICAL DESCRIPTION |
| Extent |
xix, 236 p. : |
| 504 ## - BIBLIOGRAPHY, ETC. NOTE |
| Bibliography, etc |
Includes bibliographical references (p. 174-219) and index. |
| 505 0# - FORMATTED CONTENTS NOTE |
| Formatted contents note |
National tales and national futures in Ireland and Scotland after 1800 -- The first Romantics : young Irelands between Catholic emancipation and the famine -- Lost in the big house : Anglo-Irishry and the uses of the supernatural -- Oisin comes home : Yeats as inheritor. |
| 600 10 - SUBJECT ADDED ENTRY--PERSONAL NAME |
| Personal name |
Yeats, W. B. |
| Fuller form of name |
(William Butler), |
| Dates associated with a name |
1865-1939 |
| General subdivision |
Criticism and interpretation. |
| 9 (RLIN) |
36268 |
| 600 10 - SUBJECT ADDED ENTRY--PERSONAL NAME |
| Personal name |
Yeats, W. B. |
| Fuller form of name |
(William Butler), |
| Dates associated with a name |
1865-1939 |
| General subdivision |
Sources. |
| 9 (RLIN) |
36269 |
| 600 17 - SUBJECT ADDED ENTRY--PERSONAL NAME |
| Personal name |
Yeats, William B. |
| Source of heading or term |
swd |
| 9 (RLIN) |
36270 |
| 648 #7 - SUBJECT ADDED ENTRY--CHRONOLOGICAL TERM |
| Chronological term |
Geschichte 1800-1900. |
| Source of heading or term |
swd |
| 9 (RLIN) |
36271 |
| 650 #0 - SUBJECT ADDED ENTRY--TOPICAL TERM |
| Topical term or geographic name as entry element |
English literature |
| General subdivision |
Irish authors |
| -- |
History and criticism. |
| 9 (RLIN) |
442 |
| 650 #0 - SUBJECT ADDED ENTRY--TOPICAL TERM |
| Topical term or geographic name as entry element |
English literature |
| Chronological subdivision |
19th century |
| General subdivision |
History and criticism. |
| 9 (RLIN) |
4625 |
| 650 #0 - SUBJECT ADDED ENTRY--TOPICAL TERM |
| Topical term or geographic name as entry element |
Influence (Literary, artistic, etc.) |
| 9 (RLIN) |
36272 |
| 650 #0 - SUBJECT ADDED ENTRY--TOPICAL TERM |
| Topical term or geographic name as entry element |
English literature |
| General subdivision |
Irish influences. |
| 9 (RLIN) |
36273 |
| 650 07 - SUBJECT ADDED ENTRY--TOPICAL TERM |
| Topical term or geographic name as entry element |
Literatur. |
| Source of heading or term |
swd |
| 9 (RLIN) |
25718 |
| 651 #0 - SUBJECT ADDED ENTRY--GEOGRAPHIC NAME |
| Geographic name |
Ireland |
| General subdivision |
Civilization |
| Chronological subdivision |
19th century. |
| 9 (RLIN) |
36274 |
| 651 #7 - SUBJECT ADDED ENTRY--GEOGRAPHIC NAME |
| Geographic name |
Englisch. |
| Source of heading or term |
swd |
| 9 (RLIN) |
25721 |
| 651 #7 - SUBJECT ADDED ENTRY--GEOGRAPHIC NAME |
| Geographic name |
Irland. |
| Source of heading or term |
swd |
| 9 (RLIN) |
36275 |
| 856 ## - ELECTRONIC LOCATION AND ACCESS |
| Uniform Resource Identifier |
<a href="http://bvbr.bib-bvb.de:8991/F?func=service&doc_library=BVB01&doc_number=021181659&line_number=0001&func_code=DB_RECORDS&service_type=MEDIA">http://bvbr.bib-bvb.de:8991/F?func=service&doc_library=BVB01&doc_number=021181659&line_number=0001&func_code=DB_RECORDS&service_type=MEDIA</a> |
| Public note |
Inhaltsverzeichnis |
| 906 ## - LOCAL DATA ELEMENT F, LDF (RLIN) |
| a |
0 |
| b |
vip |
| c |
copycat |
| d |
2 |
| e |
ncip |
| f |
20 |
| g |
y-gencatlg |
| 942 ## - ADDED ENTRY ELEMENTS (KOHA) |
| Source of classification or shelving scheme |
Library of Congress Classification |
| Koha item type |
Monograph ( Printed materials) |